000 00344nam a22001337a 4500
003 OSt
008 250117b |||||||| |||| 00| 0 eng d
041 _aeng
100 _aOCDE
_96961
245 _aBiomass for Energy:
_bEconomic and Policy Issues
260 _aNew Delhi:
_bOxford & IBH publishing Co Ltd,
_c1984.
300 _a135p.
942 _cBK
999 _c19050
_d19050